000 00625nam a2200193 i 4500
001 136788
003 ES-MaACL
005 20230906195228.0
007 t|
008 070214s1968 sp r ||||1| spa d
100 1 _aSaiz Barberá, Juan.
_9101625
245 1 0 _aPensamiento histórico cristiano
_b: ¿vencerá el comunismo a Occidente? /
_cJuan Saiz Barberá.
250 _a1ª ed.
260 _aMadrid :
_bAsociación Española de Lulianos,
_c1968.
300 _aXXVII, 558 p. ;
_c21 cm.
650 0 4 _aApologética.
_99921
710 2 _aAsociación Española de Lulianos.
_91672
852 _aES-MaACL
_jC-48536
_bR.66636
999 _c136788
_d136788